| 000 | 00524nam a2200181 a 4500 | ||
|---|---|---|---|
| 005 | 20210223120725.0 | ||
| 008 | 991125s1973 bar 000 0 fre u | ||
| 020 | _a8430773150 | ||
| 035 | _aUPN01000006177 | ||
| 049 | _aCG | ||
| 050 | 4 |
_aHF5728 F7 _bB6.2 |
|
| 100 | 1 | _aBoucher, Yvonne | |
| 245 | 1 | 3 |
_aLe caducée : _bfrancais commercial / _cYvonne Boucher. |
| 260 |
_aBarcelona, Esp. : _bTeide, _c1973. |
||
| 300 |
_a318 p. : _bil. ; + _e1 apéndice gramatical |
||
| 650 | 4 |
_aCORRESPONDENCIA COMERCIAL _911148 |
|
| 905 | _aLibro | ||
| 999 |
_c6177 _d6177 |
||